Composition and properties of concrete / (Record no. 7224)

MARC details
000 -LEADER
fixed length control field 00829cam a22002655a 4500
005 - DATE AND TIME OF LATEST TRANSACTION
control field 20150820120118.0
008 - FIXED-LENGTH DATA ELEMENTS--GENERAL INFORMATION
fixed length control field 150817r19681956nyua|||fr|||| 001 0 eng d
010 ## - LIBRARY OF CONGRESS CONTROL NUMBER
LC control number 68013104
040 ## - CATALOGING SOURCE
Original cataloging agency EG-ScBUE
Language of cataloging eng
Transcribing agency EG-ScBUE
082 04 - DEWEY DECIMAL CLASSIFICATION NUMBER
Classification number 693.5
Item number TRO
Edition number 22
100 1# - MAIN ENTRY--PERSONAL NAME
Personal name Troxell, George Earl,
245 10 - TITLE STATEMENT
Title Composition and properties of concrete /
Statement of responsibility, etc George Earl Troxell, Harmer E. Davis, Joe W. Kelly.
250 ## - EDITION STATEMENT
Edition statement 2nd ed.
260 ## - PUBLICATION, DISTRIBUTION, ETC. (IMPRINT)
Place of publication, distribution, etc New York :
Name of publisher, distributor, etc McGraw-Hill Book,
Date of publication, distribution, etc 1968.
300 ## - PHYSICAL DESCRIPTION
Extent 529 p. :
Other physical details ill. ;
Dimensions 23 cm.
490 0# - Series Statement
Series statement McGraw-Hill civil engineering series
500 ## - GENERAL NOTE
General note Index : p. 517-529.
590 ## - LOCAL NOTE (RLIN)
Local note doaa mohamed
650 #0 - SUBJECT ADDED ENTRY--TOPICAL TERM
Topical term or geographic name as entry element Concrete.
Source of heading or term BUEsh
651 ## - SUBJECT ADDED ENTRY--GEOGRAPHIC NAME
Source of heading or term BUEsh
653 ## - INDEX TERM--UNCONTROLLED
Resource For college Engineering, Civil
Arrived date list August2015
700 1# - ADDED ENTRY--PERSONAL NAME
Personal name Davis, Harmer Elmer,
Dates associated with a name 1905-
700 1# - ADDED ENTRY--PERSONAL NAME
Personal name Kelly, Joe Wallace,
Dates associated with a name 1895-
942 ## - ADDED ENTRY ELEMENTS (KOHA)
Item type Book - Borrowing
Source of classification or shelving scheme Dewey Decimal Classification
Holdings
Withdrawn status Item status Source of classification or shelving scheme Damaged status Not for loan Home library Current library Shelving location Date acquired Source of acquisition Total Checkouts Total Renewals Full call number Barcode Date last seen Date last borrowed Koha item type Vendor Cost, normal purchase price
    Dewey Decimal Classification     Central Library Central Library First floor 08/01/2016 Purchase 2 1 693.5 TRO 000008769 15/07/2025 09/04/2015 Book - Borrowing    
    Dewey Decimal Classification     Central Library Central Library First floor 23/06/2009       693.5 TRO 000017037 15/07/2025   NB - Book (Non borrowing) Alef-Baa 150.00